[Event "OP-2012-0-02506"]
[Site "LSS email"]
[Date "2012.11.21"]
[Round "?"]
[White "Conde, Maria Cristina"]
[Black "Dlugolecki, Grzegorz"]
[Result "0-1"]
[WhiteElo "800"]
[BlackElo "1601"]
[PlyCount "35"]
[EventDate "2012.11.18"]
[EventType "tourn (corr)"]
[EventRounds "4"]
[EventCountry "GER"]
[SourceTitle "Corr 2015"]
[Source "ChessBase"]
[SourceDate "2015.07.17"]
[SourceVersion "1"]
[SourceVersionDate "2015.07.17"]
[SourceQuality "1"]

1. e4 e5 2. Nf3 Nc6 3. d4 exd4 4. Nxd4 Bc5 5. Nxc6 Qf6 6. Qd2 dxc6 7. Qf4 Qe7 8. Nd2 Nf6 9. Be2 Bd6 10. Qg5 h6 11. Qe3 Bc5 12. Qg3 0-0 13. Qh4 Re8 14. f3 Be3 15. Nc4 Bd4 16. c3 Bc5 17. b4 Be6 18. Na5 0-1

[Event "OP-2012-0-02506"]
[Site "LSS email"]
[Date "2012.11.21"]
[Round "?"]
[White "Ilkow, Zbigniew"]
[Black "Conde, Maria Cristina"]
[Result "1-0"]
[WhiteElo "696"]
[BlackElo "800"]
[PlyCount "35"]
[EventDate "2012.11.18"]
[EventType "tourn (corr)"]
[EventRounds "4"]
[EventCountry "GER"]
[SourceTitle "Corr 2015"]
[Source "ChessBase"]
[SourceDate "2015.07.17"]
[SourceVersion "1"]
[SourceVersionDate "2015.07.17"]
[SourceQuality "1"]

1. e4 c5 2. Nf3 d6 3. d4 cxd4 4. Qxd4 Nc6 5. Qd1 Nf6 6. Nc3 g6 7. h3 Bg7 8. Bd3 0-0 9. 0-0 a6 10. Be3 d5 11. exd5 Nxd5 12. Nxd5 Qxd5 13. Be2 Qxd1 14. Rfxd1 Bxb2 15. Rab1 Bg7 16. Bc4 e6 17. a4 Rd8 18. Rxd8+ 1-0